ბავშვთა დაავადებების პროპედევტიკა : (ბიბ.ჩანაწერი № 62873)
[ მარტივი ფორმატი ]
| 000 -ლიდერი | |
|---|---|
| ფიქსირებული სიგრძის საკონტროლო ველი | 00830nam a22001937a 4500 |
| 003 - საკონტროლო ნომრის იდენტიფიკატორი | |
| საკონტროლო ველი | Ge_BSU |
| 005 - ბოლო ოპერაციის თარიღი და დრო | |
| საკონტროლო ველი | 20250313164225.0 |
| 008 - ფიქსირებული სიგრძის მონაცემთა ელემენტები - ზოგადი ინფორმაცია | |
| ფიქსირებული სიგრძის საკონტროლო ველი | 250313s1995 ge ||||| |||| 00| 0 geo d |
| 041 ## - ენის კოდი | |
| Language code of text/sound track or separate title | geo |
| 080 ## - უნივერსალური ათობითი კლასიფიკაციის ინდექსი | |
| Universal Decimal Classification number | 616-053.2(075.8) ხ-43 |
| 100 ## - მთავარი ჩანაწერი - პიროვნების სახელი | |
| Personal name | ხერხეულიძე, ნოდარ |
| 9 (RLIN) | 24555 |
| 245 ## - ცნობა სათაურის შესახებ | |
| Title | ბავშვთა დაავადებების პროპედევტიკა : |
| Remainder of title | [სახელმძღვ. პედიატრიის ფაკ. სტუდ.] / |
| Statement of responsibility, etc | ნოდარ ხერხეულიძე. |
| 264 ## - წარმოების, გამოცემის, დისტრიბუციის და სხვა ცნობები | |
| გამოცემის, წარმოების, დისტრიბუციის... ადგილი | თბ. : |
| გამოცემის, წარმოების, დისტრიბუციის... სახელწოდება | მედეა, |
| გამოცემის, წარმოების, დისტრიბუციის... თარიღი | 1995. |
| 300 ## - ფიზიკური აღწერა | |
| Extent | 532 გვ. ; |
| Other physical details | 20 სმ. |
| 653 ## - INDEX TERM--UNCONTROLLED | |
| Uncontrolled term | პედიატრია |
| 653 ## - INDEX TERM--UNCONTROLLED | |
| Uncontrolled term | ბავშვთა დაავადებები |
| 653 ## - INDEX TERM--UNCONTROLLED | |
| Uncontrolled term | მედიცინა |
| 942 ## - ADDED ENTRY ELEMENTS (KOHA) | |
| Source of classification or shelving scheme | |
| Koha item type | წიგნი |
| ჩამოწერის სტატუსი | დაკარგული ეგზემპლარის სტატუსი | კლასიფიკაციის წყარო ან თაროზე გაწყობის სქემა | დაზიანების სტატუსი | არ გაიცემა | მუდმივი მდებარეობა (დაცვის ადგილი) | ამჟამინდელი ადგილსამყოფელი | თაროზე განთავსების ადგილი | შეძენის თარიღი | ღირებულება, შესყიდვის ნორმალური ფასი | სრული შენახვის შიფრი | შტრიხკოდი | ბოლო ოპერაციის თარიღი | ეგზემპლარის მიმდევრობითი ნომერი (კეტერი?) | ფასის ძალაში შესვლის თარიღი | ეგზემპლარის სახეობა | საჯარო შენიშვნა |
|---|---|---|---|---|---|---|---|---|---|---|---|---|---|---|---|---|
| ბათუმის შოთა რუსთაველის სახელმწიფო უნივერსიტეტის მთავარი ბიბლიოთეკა | ბათუმის შოთა რუსთაველის სახელმწიფო უნივერსიტეტის მთავარი ბიბლიოთეკა | წიგნსაცავი | 2025-03-13 | 15.00 | 616-053.2(075.8) ხ-43 | 70755 | 2025-03-13 | 70755 | 2025-03-13 | წიგნი | 15 ლ. | |||||
| ბათუმის შოთა რუსთაველის სახელმწიფო უნივერსიტეტის მთავარი ბიბლიოთეკა | ბათუმის შოთა რუსთაველის სახელმწიფო უნივერსიტეტის მთავარი ბიბლიოთეკა | წიგნსაცავი | 2025-03-13 | 9.00 | 616-053.2(075.8) ხ-43 | 70756 | 2025-03-13 | 70756 | 2025-03-13 | წიგნი | 9 ლ. | |||||
| ბათუმის შოთა რუსთაველის სახელმწიფო უნივერსიტეტის მთავარი ბიბლიოთეკა | ბათუმის შოთა რუსთაველის სახელმწიფო უნივერსიტეტის მთავარი ბიბლიოთეკა | წიგნსაცავი | 2025-03-19 | 9.00 | 616-053.2(075.8) ხ-43 | 70891 | 2025-03-19 | 70891 | 2025-03-19 | წიგნი | 9.00 | |||||
| ბათუმის შოთა რუსთაველის სახელმწიფო უნივერსიტეტის მთავარი ბიბლიოთეკა | ბათუმის შოთა რუსთაველის სახელმწიფო უნივერსიტეტის მთავარი ბიბლიოთეკა | წიგნსაცავი | 2025-07-03 | 9.00 | 616-053.2(075.8) ხ-43 | 72061 | 2025-07-03 | 72061 | 2025-07-03 | წიგნი | 9.00 |
